01061cam a2200229 a 450000500170000000800410001702000180005804000560007604100080013210000190014024500540015924600540021324600470026725000100031426000630032430000590038750002850044650000210073165000240075265000330077665000220080920140903175025.0120705s2012 enkado frn 001 0 eng d a9780955078453 aCo-BoUCMbengcJavier GarzóndAldemar Mondragón0 aeng1 aHore-Lacy, Ian10aNuclear energy in the 21st centurycIan Hore-Lacy13aWorld Nuclear University PrimeriAt head of title3 aNuclear energy in the twenty first century a3a ed aLondres (Inglaterra)bWorld Nuclear University Pressc2012 aviii, 135 páginasbilustraciones, gráficas y fotos a"The first edition under this title was publsihed by Elsevier and the World Nuclear University in 2006. The second edition was published by the World Nuclear University in 2012, reprinted 2011. Seven previous editions were published as Nuclear Electricity(1978-2003)"--T.p. verso. aIncluye índice 7aCentrales nucleares 7aEnergía nuclearzAustralia 7aIndustria nuclear